000 00463nam a2200181Ia 4500
001 15270
003 IN-NITTTR
005 20251114233144.0
008 251113s9999||||xx |||||||||||||| ||eng||
040 _beng
040 _cIN-NITTTR
041 _aeng
082 _a155.22 R221
100 _aWillerman, Lee
245 0 _aReading about individual and group differences /
_cWillerman, Lee, Turner, Robert G.
700 _a Turner, Robert G.
942 _2ddc
_cBK
999 _c17904
_d17904